Score 0/22 Timer 06:00
0 Plays Today
Hint Answer % Correct
Main CharacterClary Fairchild
100%
Main Character's Best FriendSimon Lewis
100%
Main Character's BoyfriendJace Herondale
100%
Eldest SiblingAlec Lightwood
95.7%
Middle SiblingIsabelle Lightwood
95.7%
High Warlock of BrooklynMagnus Bane
95.7%
VampireRaphael Santiago
95.7%
Former Shadowhunter, Current WerewolfLucian Graymark
87%
Big Bad Villain/ Main Character's FatherValentine Morgenstern
87%
Big Bad Villain/ Main Character's BrotherJohnathan Morgenstern
87%
Big Bad's Secret IdentitiySebastian Verlac
87%
Hint Answer % Correct
Evil VampireCamille Belcourt
87%
Youngest SiblingMax Lightwood
82.6%
Female WerewolfMaia Roberts
82.6%
Institute TrainorHodge Starkweather
82.6%
Father of SiblingsRobert Lightwood
78.3%
Mother SiblingsMaryse Lightwood
78.3%
Main Character's MotherJocelyn Fairchild
69.6%
Cousin of Verlac/ Daughter of ConsulAline Penhallow
69.6%
Praetor Lupus/ WerewolfJordan Kyle
69.6%
Magnus' FatherAsmodeus
47.8%
_______ ChildrenLilith
30.4%
Come Together.
Have Fun.
All Virtual.
We all need to come together. Play Sporcle's virtual live trivia to have fun, connect with people, and get your trivia on. Join a live hosted trivia game for your favorite pub trivia experience done virtually. If a virtual private party is more your thing, go here for details.

You're not logged in!

Compare scores with friends on all Sporcle quizzes.
OR
Log In

Sporcle TV

Today on Sporcle TV


Watch our educational content, quiz creation guides, and fun videos on Sporcle TV.

Show Comments

Extras

Created Feb 8, 2020ReportNominate
Tags:Character, instrument, mortal

Top Quizzes Today


Score Distribution

Paid Content

Your Account Isn't Verified!

In order to create a playlist on Sporcle, you need to verify the email address you used during registration. Go to your Sporcle Settings to finish the process.

Report this User

Report this user for behavior that violates our Community Guidelines.

Details: